|
|
|
|
| LEADER |
00000nab a2200000 4500 |
| 001 |
vtls008695267 |
| 003 |
SK-MaSNL |
| 005 |
20260303200201.0 |
| 008 |
050301 1967 xo p 000 0 slo |
| 015 |
|
|
|a SNBRRADKK190120XX
|
| 035 |
|
|
|a CLAS02vtls000013982
|
| 040 |
|
|
|a SNKBUDKK
|b slo
|c SNKBUDKK
|e AACR2
|
| 041 |
0 |
|
|a slo
|
| 044 |
|
|
|a xo
|c SK
|
| 080 |
|
|
|a 027.021
|2 UDC-MRF-SK2
|
| 100 |
1 |
|
|a Procházka, Boris,
|d 1929-
|4 aut
|9 230101
|
| 245 |
1 |
0 |
|a Súčasný stav a perspektívy štátnych vedeckých knižníc na Slovensku
|c Boris Procházka
|
| 500 |
|
|
|a Tab.
|
| 520 |
2 |
|
|a Záverečná správa z hĺbkového prieskumu čínnosti štátnych vedeckých knižníc na Slovensku uskutočnenej členmi sekcie vedeckých a vysokoškolských knižníc Slovenskej knižničnej rady v r. 1962-1965 dokumentuje dovtedajší vývoj, štruktúru vedeckovýskumnej základne, vysokoškolského štúdia na Slovensku a národného hospodárstva, vtedajší stav vedeckých knižníc na Slovensku, budovanie ich fondov, služby čitateľom a bibligrafickú, metodickú, študijnú a publikačnú činnosť. Správa je doplnená štatistickými údajmi v tabuľkách
|
| 650 |
0 |
7 |
|a štátne vedecké knižnice
|z Slovensko
|x prieskum
|x správy
|2 snkbudkk
|9 1229986
|
| 773 |
0 |
|
|t Knižničný sborník 1967 I
|d Martin : Matica slovenská, 1967
|g S. 113-136
|
| 850 |
|
|
|a Slovenská národná knižnica v Martine
|
| 852 |
|
|
|a SNK
|b KIS3GCP
|
| 856 |
4 |
1 |
|u http://www.viks.sk/dkk/ks1967I_113_136.doc
|y plný text
|
| 910 |
|
|
|a bdkk
|a memoriask
|
| 999 |
|
|
|c 2166921
|d 2168851
|